Statistics for South Korea Multiple Choice

Click here to take the quiz!

General Stats

  • This quiz has been taken 165 times
  • The average score is 9 of 15

Answer Stats

QuestionAnswer% Correct
Which dish consists of fermented cabbage mainly?Kimchi
89%
What are BigHit, SM and JYP?K-pop entertainment companies
85%
Which one of these companies has NOT originated in South Korea?Sony
79%
Which of these family names is the most common one in South Korea?Kim
77%
Which of these seas does South Korea not border?Bohai Sea
64%
What city is home to the busiest airport of South Korea?Incheon
58%
What was the name of the great king who created the Korean alphabet?Sejong the Great
57%
What is the most popular sport among South Korean?Baseball
56%
In which year did the Korean War end?1953
54%
Who was Sun Myung Moon?A self-proclaimed religious messiah
51%
How is Korea spelled in the Korean language?한국
49%
Was there any Inter-Korean summits before Kim Jong-un and
Moon Jae-in's meeting in 2018?
Yes
46%
Which of these presidents was impeached in 2017 because of corruption?Park Geun-hye
42%
What religion has the most followers in South Korea?Protestant Christianity
30%
Which one of these was the bloodiest battles of the Korean War?Battle of Bloody Ridge
25%

Score Distribution

Percentile by Number Answered

Percent of People with Each Score

Your Score History

You have not taken this quiz